LDR 01176naa#a2200169#i#450# 001 RU\\bibl\121327 005 20260515213051.5 011 ## _a1994-4683 100 ## _a20230803b2023####ek#y0rusy0150####ca 102 ## _aRU 200 1# _aИССЛЕДОВАНИЯ ПРОБЛЕМ ПРОФЕССИОНАЛЬНОГО ОБРАЗОВАНИЯ ИНВАЛИДОВ И ЛИЦ С ОГРАНИЧЕННЫМИ ВОЗМОЖНОСТЯМИ ЗДОРОВЬЯ ПРИ РЕАЛИЗАЦИИ ОБРАЗОВАТЕЛЬНЫХ ПРОГРАММ ВЫСШЕГО ОБРАЗОВАНИЯ СПОРТИВНОЙ НАПРАВЛЕННОСТИ _eЖурнальная статья 210 1# _aМосква _cНациональный государственный Университет физической культуры, спорта и здоровья им. П.Ф. Лесгафта _d2023 215 ## _a5 с. 608 ## _aЖурнальная статья _2local 675 ## _aПланирование занятий (продолжительность учебы, расписание занятий, количество учащихся и т.д.). 378.145 _z 700 #1 _aРоманенко _gА Ю 856 4# _auchzapiski.lesgaft.spb.ru _u